000 00289nam a22001337a 4500
003 OSt
005 20250301105007.0
007 299 pages
008 250301b |||||||| |||| 00| 0 eng d
040 _c
245 _aVeer Savarkar
_cMahurkar U
260 _bRupa
_c2023
942 _2ddc
_cBK
_n0
999 _c36195
_d36195